<?xml version="1.0" encoding="UTF-8"?>
<record
    xmlns:xsi="http://www.w3.org/2001/XMLSchema-instance"
    xsi:schemaLocation="http://www.loc.gov/MARC21/slim http://www.loc.gov/standards/marcxml/schema/MARC21slim.xsd"
    xmlns="http://www.loc.gov/MARC21/slim">

  <leader>02380nam a2200253 i 4500</leader>
  <controlfield tag="001">Rebiun34540484</controlfield>
  <controlfield tag="008">221108s2022    sp       b    000 0 spa d</controlfield>
  <datafield tag="020" ind1=" " ind2=" ">
    <subfield code="a">9788467064643</subfield>
  </datafield>
  <datafield tag="040" ind1=" " ind2=" ">
    <subfield code="c">tbs</subfield>
  </datafield>
  <datafield tag="041" ind1=" " ind2=" ">
    <subfield code="a">spa</subfield>
  </datafield>
  <datafield tag="100" ind1=" " ind2=" ">
    <subfield code="a">Alonso Pe&#xF1;a, Jos&#xE9;-Ram&#xF3;n</subfield>
    <subfield code="d">1962-</subfield>
    <subfield code="9">25218</subfield>
    <subfield code="e">author</subfield>
  </datafield>
  <datafield tag="245" ind1="1" ind2="3">
    <subfield code="a">El cerebro enamorado</subfield>
    <subfield code="b">: los mecanismos neuronales del amor</subfield>
    <subfield code="c">/ Jos&#xE9; Ram&#xF3;n Alonso.</subfield>
  </datafield>
  <datafield tag="260" ind1=" " ind2=" ">
    <subfield code="a">Barcelona : </subfield>
    <subfield code="b">Espasa, </subfield>
    <subfield code="c">2022.</subfield>
  </datafield>
  <datafield tag="300" ind1=" " ind2=" ">
    <subfield code="a">223 pages ; </subfield>
    <subfield code="c">23 cm.</subfield>
  </datafield>
  <datafield tag="504" ind1=" " ind2=" ">
    <subfield code="a">Includes bibliographical references.</subfield>
  </datafield>
  <datafield tag="505" ind1=" " ind2=" ">
    <subfield code="a">La ciencia del amor &#x2014; Las bases del amor &#x2014; La importancia de la atracci&#xF3;n &#x2014; Males de amores &#x2014; Eso de la modernidad.</subfield>
  </datafield>
  <datafield tag="520" ind1=" " ind2=" ">
    <subfield code="a">El amor es la piedra angular de nuestra vida personal y social. Se le had dedicado miles de reflexiones literarias y art&#xED;sticas, pero conocemos muy poco de sus bases cient&#xED;ficas. Sin embargo, la cienca tiene much&#xED;simo que decirnos sobre el amor, el proceso de enamoramiento, la ruptura o c&#xF3;mo reavivar una relaci&#xF3;n. Sin amor nuestra vida no tendr&#xED;asentido, pues estamos programados para encontrar a una persona, establecer v&#xED;nculos con ella e intentar tener una vida juntos. Cuanto m&#xE1;s sabes sobre un tema, m&#xE1;s lo disfrutas. Conociendo los mecanismos cerebrales del amor, entenderemos mejor c&#xF3;mo funciona para paliar frustraciones y fracasos, para hacer las cosas mejor cada d&#xED;a y tratar de alcanzar la plentitud en nuestra vida, tambi&#xE9;n en nuestra vida amorosa.</subfield>
  </datafield>
  <datafield tag="520" ind1=" " ind2=" ">
    <subfield code="a">Love is the cornerstone of our personal and social lives. It has inspired thousands of literary and artistic reflections, yet we know very little about its scientific foundations. However, science has a great deal to tell us about love&#x2014;the process of falling in love, breakups, and how to rekindle a relationship.

Without love, our lives would lack meaning, as we are biologically programmed to find someone, form bonds with them, and try to build a life together. The more you know about a subject, the more you enjoy it. By understanding the brain mechanisms behind love, we can better grasp how it works&#x2014;helping us to ease frustrations and overcome failures, to do things better each day, and to strive for fulfillment in life, including in our romantic lives.</subfield>
  </datafield>
  <datafield tag="650" ind1=" " ind2="0">
    <subfield code="a">Brain</subfield>
    <subfield code="9">9635</subfield>
  </datafield>
  <datafield tag="650" ind1=" " ind2="0">
    <subfield code="a">Love</subfield>
    <subfield code="9">12253</subfield>
  </datafield>
  <datafield tag="650" ind1=" " ind2="0">
    <subfield code="a">Neuropsychology</subfield>
    <subfield code="9">11662</subfield>
  </datafield>
  <datafield tag="655" ind1=" " ind2="0">
    <subfield code="a">Informational works</subfield>
    <subfield code="9">23310</subfield>
  </datafield>
  <datafield tag="942" ind1=" " ind2=" ">
    <subfield code="2">lcc</subfield>
  </datafield>
  <datafield tag="952" ind1=" " ind2=" ">
    <subfield code="0">0</subfield>
    <subfield code="1">0</subfield>
    <subfield code="2">lcc</subfield>
    <subfield code="4">0</subfield>
    <subfield code="7">0</subfield>
    <subfield code="a">TBS</subfield>
    <subfield code="b">TBS</subfield>
    <subfield code="d">2025-05-14</subfield>
    <subfield code="l">0</subfield>
    <subfield code="o">QP360.5 ALO</subfield>
    <subfield code="p">B05772</subfield>
    <subfield code="r">2025-05-14</subfield>
    <subfield code="t">1</subfield>
    <subfield code="w">2025-05-14</subfield>
    <subfield code="y">1</subfield>
  </datafield>
  <datafield tag="999" ind1=" " ind2=" ">
    <subfield code="c">4659</subfield>
    <subfield code="d">4659</subfield>
  </datafield>
</record>
